000 00332nam a2200145Ia 4500
008 150201s2004 xx 000 0 und d
082 _a617.5
_bC2004D
100 _aS.DAS
245 _aCLINICAL SURGERY
250 _a6TH
260 _bS.DAS PUBLICATION
_aDELHI
_c2004
300 _a1-478
650 _aSURGERY
942 _2ddc
_cBK
_012
999 _c3170
_d3170